Nicktoons Quiz (2010s) - Statistics

General Stats
  • This quiz has been taken 34 times
  • The average score is 12 of 16
Answer Stats
Years Answer % Correct
2010-2015 T.U.F.F. Puppy
88%
2012-2017 Teenage Mutant Ninja Turtles
83%
2016- The Loud House
83%
2013-2016 Sanjay and Craig
79%
2012-2014 The Legend Of Korra
79%
2014-2016 Breadwinners
75%
2015-2017 Harvey Beaks
75%
2011-2016 Kung Fu Panda: Legends Of Awesomeness
75%
2013-2014 Monsters vs. Aliens
75%
2015-2018 Pig Goat Banana Cricket
75%
2010-2013 Planet Sheen
75%
2012-2015 Robot and Monster
75%
2019-2022 The Casagrandes
75%
2017-2019 Welcome To The Wayne
75%
2017-2018 Bunsen Is A Beast
71%
2018-2020 Rise Of The Teenage Mutant Ninja Turtles
71%
No matching quizzes found
Score Distribution
Percent of People with Each Score
Percentile by Number Answered
Your Score History
You have not taken this quiz